000 00202nam a22000857a 4500
001 1241791
005 20251013130746.0
245 _aBİNBİR GECE MASALLARI
_cNEFİSE ATÇAKALAR
260 _bTİMAŞ YAYINLARI
999 _c1241791
_d1241791